Tây Nguyên vùng đất - con người

TM tài liệu tham khảo tr.235-236; Cung cấp kiến thức giúp bạn đọc hiểu sâu hơn về thiên nhiên, con người, văn hóa, phong tục tập quán và những di tích danh thắng của vùng Tây Nguyên (Gia Lai, Kon Tum, Đắc Lắc, Đắc Nông, Lâm Đồng)...

ver descrição completa

Na minha lista:
Detalhes bibliográficos
Autor principal: Đinh, Văn Thiên
Outros Autores: Hoàng, Thế Long
Formato: Livro
Idioma:Undetermined
Publicado em: H. Quân đội nhân dân 2010
Assuntos:
Acesso em linha:http://lrc.tdmu.edu.vn/opac/search/detail.asp?aID=2&ID=14763
Tags: Adicionar Tag
Sem tags, seja o primeiro a adicionar uma tag!
Thư viện lưu trữ: Trung tâm Học liệu Trường Đại học Thủ Dầu Một
LEADER 01226nam a2200217Ia 4500
001 TDMU_14763
008 210410s9999 xx 000 0 und d
082 |a 915.976 
090 |b Đ312 
100 |a Đinh, Văn Thiên 
245 0 |a Tây Nguyên vùng đất - con người 
245 0 |c Thượng tá - ThS. Đinh Văn Thiên, Nguyễn Trung Minh, Trung úy Hoàng Thế Long 
260 |a H. 
260 |b Quân đội nhân dân 
260 |c 2010 
300 |a 239tr. 
520 |a TM tài liệu tham khảo tr.235-236; Cung cấp kiến thức giúp bạn đọc hiểu sâu hơn về thiên nhiên, con người, văn hóa, phong tục tập quán và những di tích danh thắng của vùng Tây Nguyên (Gia Lai, Kon Tum, Đắc Lắc, Đắc Nông, Lâm Đồng) 
650 |a Tây Nguyên (Việt Nam)  |x Mô tả và du lịch; Tây Nguyên (Việt Nam)  |x Văn minh; Tây Nguyên (Việt Nam)  |x Đời sống xã hội và phong tục 
700 |a Hoàng, Thế Long 
856 |u http://lrc.tdmu.edu.vn/opac/search/detail.asp?aID=2&ID=14763 
980 |a Trung tâm Học liệu Trường Đại học Thủ Dầu Một